Europa Universalis 4: Countries Quiz - Statistics

General Stats
  • This quiz has been taken 88 times
  • The average score is 154 of 486
Answer Stats
Tag Region Answer % Correct
DAN Scandinavia Denmark
96%
NOR Scandinavia Norway
93%
ALB Balkans Albania
91%
SWE Scandinavia Sweden
91%
BOS Balkans Bosnia
88%
CRO Balkans Croatia
88%
CYP Balkans Cyprus
85%
POL Poland Poland
84%
SER Balkans Serbia
84%
PHA Tibet U
84%
ATH Balkans Athens
82%
FRA France France
82%
HUN Carpathia Hungary
82%
LIT Baltic Lithuania
81%
ENG British Isles England
79%
SCO British Isles Scotland
79%
GOT Scandinavia Gotland
78%
BRG North Germany Berg
76%
HAM North Germany Hamburg
76%
VEN Italy Venice
76%
BUR France Burgundy
75%
MOL Carpathia Moldavia
75%
NAP Italy Naples
75%
WAL Carpathia Wallachia
75%
BRI France Brittany
74%
GEN Italy Genoa
74%
POR Iberia Portugal
72%
RIG Baltic Riga
72%
SAX North Germany Saxony
72%
BYZ Balkans Byzantium
71%
HOL Low Countries Holland
71%
RAG Balkans Ragusa
71%
TEU Baltic Teutonic Order
71%
ANH North Germany Anhalt
69%
ARA Iberia Aragon
69%
BOH North Germany Bohemia
69%
CAS Iberia Castille
69%
EPI Balkans Epirus
69%
OMA Arabia Oman
69%
TUR Balkans Ottomans
69%
HRZ Balkans Herzegovina
68%
LOR France Lorraine
68%
NAV Iberia Navarra
68%
ORL France Orleans
68%
GRA Iberia Granada
66%
LIV Baltic Livonian Order
66%
MLO Italy Milan
66%
NAX Balkans Naxos
66%
NOV Russia Novgorod
66%
ULS British Isles Ulster
66%
HAN North Germany Hanover
65%
PAP Italy Papal States
65%
SAV Italy Savoy
65%
YEM Arabia Yemen
65%
HAB South Germany Austria
63%
BRE North Germany Bremen
63%
GEO Caucasia Georgia
63%
KAZ Russia Kazan
63%
MOS Russia Muscovy
63%
SOO Japan So
63%
SWI South Germany Switzerland
63%
TUN Maghreb Tunis
63%
BAD South Germany Baden
62%
UBV South Germany Munich
62%
MCM British Isles Munster
62%
MUN North Germany Munster
62%
BRB Low Countries Brabant
60%
FRI Low Countries Friesland
60%
HES North Germany Hesse
60%
MAZ Poland Mazovia
60%
MOR Maghreb Morocco
60%
TVE Russia Tver
60%
AUV France Auvergne
59%
BRA North Germany Brandenburg
59%
CRI Pontic Steppe Crimea
59%
FER Italy Ferrara
59%
FLA Low Countries Flanders
59%
OLD North Germany Oldenburg
59%
PRM Russia Perm
59%
SYR Mashriq Syria
59%
ULM South Germany Ulm
59%
URB Italy Urbino
59%
AAC North Germany Aachen
57%
AUG South Germany Augsburg
57%
LAN Italy Florence
57%
FOI France Foix
57%
KNG Niger Kong
57%
KOR China Korea
57%
LUC Italy Lucca
57%
MAL Niger Mali
57%
MNG China Ming
57%
PRO France Provence
57%
KNI Balkans The Knights
57%
AFG Khorasan Afghanistan
56%
BLG Italy Bologna
56%
KOL North Germany Cologne
56%
ETH Horn of Africa Ethiopia
56%
MAG North Germany Magdeburg
56%
NEV France Nevers
56%
NUM South Germany Nuremberg
56%
PSK Russia Pskov
56%
RYA Russia Ryazan
56%
SIE Italy Siena
54%
TYR British Isles Tyrone
54%
UTR Low Countries Utrecht
54%
GNV South Germany Geneva
53%
KAR Anatolia Karaman
53%
KON Congo Kongo
53%
MAM Egypt Mamluks
53%
MKL North Germany Mecklenburg
53%
THU North Germany Thuringia
53%
CIR Caucasia Circassia
51%
HSA North Germany Lubeck
51%
NOG Central Asia Nogai
51%
SLZ South Germany Salzburg
51%
BNG Bengal Bengal
50%
BEN Guinea Benin
50%
LEI British Isles Leinster
50%
STE North Germany Stettin
50%
PAL South Germany The Palatinate
50%
TIM Khorasan Timurids
50%
FRN North Germany Frankfurt
49%
LIE Low Countries Liege
49%
LUN North Germany Luneburg
49%
MAI North Germany Mainz
49%
MAN Italy Mantua
49%
KHA Mongolia Mongolia
49%
OPL Poland Opole
49%
YAR Russia Yaroslavl
49%
AIR Sahel Air
47%
DLH Hindustan Delhi
47%
OIR Mongolia Oirat
47%
ADE Arabia Aden
46%
GOS North Germany Goslar
46%
KID British Isles Kildare
46%
SON Sahel Songhai
46%
SOS Maghreb Sus
46%
WUR South Germany Wurttemberg
46%
ANS South Germany Ansbach
44%
BOU France Bourbonnais
44%
EFR Low Countries East Frisia
44%
SHL North Germany Holstein
44%
MDA Arabia Medina
44%
ODA Japan Oda
44%
OYO Niger Oyo
44%
ADA Horn of Africa Adal
43%
BEI Indonesia Brunei
43%
GEL Low Countries Gelre
43%
GLG Poland Glogow
43%
ORM Persia Hormuz
43%
RAM Anatolia Ramazan
43%
LOI British Isles The Isles
43%
FEO Pontic Steppe Theodoro
43%
WOL North Germany Wolgast
43%
AMG France Armagnac
41%
AVA Burma Ava
41%
BRU North Germany Brunswick
41%
KHO Persia Khorasan
41%
NAJ Arabia Najd
41%
TLC Maghreb Tlemcen
41%
TRI North Germany Trier
41%
ANU Japan Ainu
40%
BAM South Germany Bamberg
40%
DAI Indochina Dai Viet
40%
FRS Persia Fars
40%
FZA Maghreb Fezzan
40%
HED Arabia Hejaz
40%
TRE Anatolia Trebizond
40%
YAO Sahel Yao
40%
QOM Persia Ajam
38%
GOL Pontic Steppe Great Horde
38%
GUJ Western India Gujarat
38%
ING South Germany Ingolstadt
38%
SHY Central Asia Uzbek
38%
YAS Arabia Yas
38%
RVA North Germany Dortmund
37%
DUL Anatolia Dulkadir
37%
JOL Guinea Jolof
37%
MLC Malaya Malacca
37%
PGA Italy Perugia
37%
SUN Indonesia Sunda
37%
TMB Sahel Timbuktu
37%
TNT South Germany Trent
37%
VER North Germany Verden
37%
AKK Anatolia Aq Qoyunlu
35%
BEJ Horn of Africa Beja
35%
CND Anatolia Candar
35%
KLE North Germany Cleves
35%
GUG Tibet Guge
35%
ZAN East Africa Kilwa
35%
REG South Germany Regensburg
35%
RWA Central Africa Rwanda
35%
SRV Caucasia Shirvan
35%
SIS Khorasan Sistan
35%
TRS Central Asia Transoxiana
35%
WBG South Germany Wurzburg
35%
BAL Khorasan Baluchistan
34%
KHM Mongolia Khmer
34%
MRK Maghreb Marrakesh
34%
MFA Italy Montferrat
34%
MZB Maghreb Mzab
34%
QAR Persia Qara Qoyunlu
34%
SZO Italy Saluzzo
34%
TID Moluccas Tidore
34%
ARL Persia Ardabil
32%
ASK Japan Ashikaga
32%
BAH Deccan Bahmanis
32%
BLO Russia Beloozero
32%
CLI South Germany Cilli
32%
DTT North Germany Dithmarschen
32%
KAF Horn of Africa Kaffa
32%
PEG Burma Pegu
32%
RYU Japan Ryukyu
32%
TER Moluccas Ternate
32%
ASS Bengal Assam
31%
AVR Caucasia Avaria
31%
FAD Mashriq Fadl
31%
MAJ Indonesia Majapahit
31%
MAK Egpyt Makuria
31%
SLN British Isles Sligo
31%
TTL South Germany Three Leagues
31%
VIJ Deccan Vijayanagar
31%
CEB Moluccas Cebu
29%
DAW Arabia Dawasir
29%
DMS British Isles Desmond
29%
HDR Arabia Hadramut
29%
KUB Central Africa Kuba
29%
LUB Central Africa Luba
29%
MEM South Germany Memmingen
29%
ZIM South Africa Mutapa
29%
OKA Russia Odoyev
29%
ORI Bengal Orissa
29%
PSS South Germany Passau
29%
RSO Russia Rostov
29%
ROT South Germany Rothenburg
29%
LAU North Germany Saxe-Lauenburg
29%
SND Western India Sindh
29%
AJU Horn of Africa Ajuuraan
28%
BTL Anatolia Bitlis
28%
BUU Central Africa Burundi
28%
DAH Niger Dahomey
28%
LRI Persia Luristan
28%
MER Western India Mewar
28%
NJR Arabia Najran
28%
NSA North Germany Nassau
28%
ORD British Isles Ormond
28%
ANZ Arabia Anizah
26%
JNP Hindustan Jaunpur
26%
LBV South Germany Landshut
26%
MHR Arabia Mahra
26%
MLW Western India Malwa
26%
MYS Deccan Mysore
26%
FLY British Isles Offaly
26%
RAS Arabia Rassids
26%
UES Japan Uesugi
26%
HSN Anatolia Hisn Kayfa
25%
KUT Indonesia Kutai
25%
TFL Maghreb Tafilalt
25%
TKG Japan Tokugawa
25%
ALO Horn of Afria Alodia
24%
ARD Persia Ardalan
24%
ITO Japan Ito
24%
MJZ Manchuria Jianzhou
24%
KAM Tibet Kham
24%
CEY Coromandel Kotte
24%
MLH South Germany Mulhouse
24%
SHM Arabia Shammar
24%
SOL Manchuria Solon
24%
AYU Indochina Bali
22%
BPI Persia Biapas
22%
RZW South Africa Butua
22%
CHA Indochina Champa
22%
DTE Japan Date
22%
HSK Japan Hosokawa
22%
KND Coromandel Kandy
22%
KNZ South Germany Konstanz
22%
LXA Indochina Lan Xang
22%
MKS Moluccas Makassar
22%
MUL Hindustan Multan
22%
NUP Niger Nupe
22%
WAR Horn of Africa Warsangali
22%
GAZ Caucasia Gazikumukh
21%
KBO Sahel Kanem Bornu
21%
MLK Caucasia Karabakh
21%
LDK Hindustan Ladakh
21%
MBA East Africa Mombasa
21%
PLB Malaya Palembang
21%
ALS South Germany Strasbourg
21%
SUL Moluccas Sulu
21%
TGT Maghreb Touggourt
21%
TRY British Isles Tyrconnell
21%
ARK Burma Arakan
19%
BYT South Germany Bayreuth
19%
BNE Moluccas Bone
19%
KSH Hindustan Kashmir
19%
KRC Mongolia Korchin
19%
LNA Indochina Lan Na
19%
LOA Congo Loango
19%
TAB Persia Mazandaran
19%
MDI Horn of Africa Mogadishu
19%
MSY Persia Mushasha
19%
NDO Congo Ndongo
19%
NVK Manchuria Nivkh
19%
OUC Japan Ouchi
19%
SFA South Africa Sofala
19%
WAD Sahel Wadai
19%
KAS Central Asia Yarkand
19%
ZZZ Niger Zazzau
19%
ATJ Malaya Aceh
18%
BTN Moluccas Buton
18%
GRK Hindustan Gorkha
18%
ALH Arabia Haasa
18%
KSJ Congo Kasanje
18%
MLB Bengal Manipur
18%
CHG Mongolia Moghulistan
18%
PTE East Africa Pate
18%
SRH Hindustan Sirhind
18%
TKD Japan Takeda
18%
MNS British Isles Thomond
18%
UTS Tibet Tsang
18%
BON Niger Bonoman
16%
MBZ South Germany Bregenz
16%
DLI Malaya Deli
16%
MHX Manchuria Haixi
16%
KAL Burma Kale
16%
KTU Hindustan Kathmandu
16%
KMT Bengal Koch
16%
MLI East Africa Malindi
16%
MMA Burma Mong Mao
16%
SMZ Japan Shimazu
16%
TAU Burma Taungu
16%
BUG Central Africa Buganda
15%
GHD Maghreb Djerid
15%
KRY Persia Gilan
15%
HTK Japan Hatakeyama
15%
JFN Coromandel Jaffna
15%
JMB Malaya Jambi
15%
LIG Malaya Ligor
15%
LND Central Africa Lunda
15%
OGD Horn of Africa Ogaadeen
15%
SKA East Africa Sakalava
15%
TYO Congo Tyo
15%
YOR Coromandel Andhra
13%
BTU Moluccas Butuan
13%
HSE Burma Hsenwi
13%
LU Moluccas Luwu
13%
MED Horn of Africa Medri Bahri
13%
OTM Japan Otomo
13%
SBA Japan Shiba
13%
TDO Moluccas Tondo
13%
YMN Japan Yamana
13%
AMA Japan Amago
12%
AKT Japan Ando
12%
BNJ Indonesia Banjar
12%
CBA Japan Chiba
12%
IMG Japan Imagawa
12%
KTS Niger Katsina
12%
KZB Central Africa Kazembe
12%
KED Malaya Kedah
12%
MAS Moluccas Madyas
12%
MRE Horn of Africa Marehan
12%
NGA Western India Nagaur
12%
SYG Tibet Sarig Yogir
12%
YAK Congo Yaka
12%
ANT East Africa Antemoro
10%
BSG Central Africa Busoga
10%
DGB Niger Dagbon
10%
DAM Horn of Africa Damot
10%
GWA Hindustan Gwalior
10%
NGP Bengal Jharkhand
10%
KAN Niger Kano
10%
KEL Malaya Kelantan
10%
DGL Coromandel Maldives
10%
OGS Japan Ogasawara
10%
PSA Malaya Pasai
10%
PAT Malaya Pattani
10%
SMB Indonesia Sambas
10%
SHN Japan Shoni
10%
VND Deccan Venad
10%
YAT Niger Yatenga
10%
CKW Central Africa Chokwe
9%
CNN British Isles Clanricarde
9%
DTI Hindustan Doti
9%
HDY Horn of Africa Hadiya
9%
HSI Burma Hsipaw
9%
MIR East Africa Imerina
9%
IND Malaya Indrapura
9%
JNN Niger Jenne
9%
HMI Mongolia Kara Del
9%
KKC Japan Kikuchi
9%
KNO Japan Kono
9%
MAD Coromandel Madurai
9%
MKU East Africa Makua
9%
MFL Arabia Mikhlaf
9%
MPA Burma Mong Pai
9%
MYA Burma Mong Yang
9%
RFR Japan Nanbu
9%
SAK Malaya Siak
9%
SUK Indochina Sukothai
9%
WGD Niger Wagadugu
9%
BLM Indonesia Blambangan
7%
ENA Horn of Africa Ennarea
7%
ISK Japan Isshiki
7%
KTB Japan Kitabatake
7%
KOC Deccan Kochin
7%
KAT Western India Kutch
7%
LWA Hindustan Limbuwan
7%
MGD Moluccas Maguindanao
7%
MFY East Africa Mahafaly
7%
MNA Moluccas Maynila
7%
BPR Burma Prome
7%
SDY Bengal Sadiya
7%
SME Caucasia Samtskhe
7%
TKI Japan Toki
7%
TPR Bengal Tripura
7%
BGL Hindustan Baghelkhand
6%
BST Bengal Bastar
6%
BTS East Africa Betsimisaraka
6%
BNY Central Africa Bunyoro
6%
ABB Horn of Africa Dongola
6%
GDW Deccan Garha
6%
JSL Western India Jaisalmer
6%
JAN Western India Jangladesh
6%
JPR Bengal Jeypore
6%
KAC Bengal Kachar
6%
KGR Hindustan Kangra
6%
KRW Central Africa Karagwe
6%
KMN Hindustan Kumaon
6%
MRA East Africa Maravi
6%
MEW Western India Mewat
6%
MKA Burma Mong Kawng
6%
MNI Burma Mong Nai
6%
NKO Central Africa Nkore
6%
NHX Manchuria Orochoni
6%
PGR Malaya Pagarruyung
6%
PGS Moluccas Pangasinan
6%
PRB Western India Porbandar
6%
RHA Indochina Rhade
6%
STK Japan Satake
6%
SRM Hindustan Sirmur
6%
TRT Hindustan Tirhut
6%
TBK East Africa Tumbuka
6%
UTN Japan Utsunomiya
6%
WLY Horn of Africa Welayta
6%
MYR Manchuria Xibe
6%
BEU Indonesia Berau
4%
UBH Central Africa Buha
4%
BND Hindustan Bundelkhand
4%
MAB Deccan Calicut
4%
DNG Hindustan Dang
4%
GHR Hindustan Garhwal
4%
GRJ Bengal Garjat
4%
JJI Horn of Africa Janjira
4%
JAR Indochina Jarai
4%
LDU East Africa Lundu
4%
PAH Malaya Pahang
4%
TTI Japan Tsutsui
4%
BRS Malaya Barus
3%
HAD Hindustan Hadoti
3%
JML Hindustan Jumla
3%
KLD Central Africa Kalundwe
3%
KOH Indochina Koho
3%
EJZ Manchuria Nanai
3%
PTT Bengal Patna
3%
RTT Bengal Ratanpur
3%
BGA Western India Baglana
1%
MBL Bengal Bishnupur
1%
CHD Deccan Chanda
1%
DHU Western India Dhundhar
1%
IDR Western India Idar
1%
JVL Western India Jhalavad
1%
JGD Western India Junagarh
1%
KLH Bengal Kalahandi
1%
PAN Hindustan Kalinjar
1%
KLP Hindustan Kalpi
1%
KJH Bengal Keonhjar
1%
KHD Deccan Khandesh
1%
KIK Central Africa Kikondja
1%
KLT Deccan Kolathunad
1%
MPH Indochina Muang Phuan
1%
PTL Western India Palitana
1%
CMP Western India Rewa Kantha
1%
TLG Deccan Telingana
1%
BLI Indonesia Banten
0%
GUR Niger Fada N'Gourma
0%
PRD Bengal Parlakhimidi
0%
No matching quizzes found
Score Distribution
Percent of People with Each Score
Percentile by Number Answered
Your Score History
You have not taken this quiz